000
00232 a2200097 4500
001
34272
100
_a
Arnold Beicham
245
_a
Andropou : New challenge to the West
260
_a
NY
_b
Stein and Day
_c
1971
090
_c
22680
_d
22680
942
_a
NUST-CAE
_c
M
_c
14092
999
_c
269345
_d
269345